000 00776nam a2200217 a 4500
001 000011378
005 20240412074226.0
008 091016s2004 dr 001 p spa d
020 _a9993494615
040 _aDO-SdBNP
_bspa
_cBNPHU
082 _aRD861.44
_bZ39s
100 1 _aZayas, Noé,
_d1969-
_926988
245 1 0 _aSafo :
_blas más recientes poetas dominicanas /
_cNoé Zayas ; edición Ramón Antonio Jiménez.
260 _aSan Francisco de Macorís, República Dominicana :
_bAngeles de Fierro,
_c2004.
300 _a98 p. ;
_c21 cm.
590 _aInventariado, 2019 / DG
650 4 _aPoesía dominicana
_xColecciones
_9351
650 0 _aLiteratura dominicana.
_967
700 1 _aJiménez, Ramón Antonio,
_eed.
_912301
910 _aValidado. Control de calidad BNPHU
999 _c11085
_d11085